000 00490nam a2200181Ia 4500
001 19411
005 20260306172651.0
008 260306t1999||||xx |||||||||||||| ||spa||
041 _aESP
082 _a659.14
_bG67
100 _aGonzález Lobo, Ma. Ángeles
_eAUT
245 0 _aManual de planificación de medios:
_btodo lo que hay que saber para planificar correctamente los medios
260 _c1999
300 _a
_c
650 _aGEN
654 _aCAN
942 _cLIB
_dJUS
_fJUS
_2ddc
_n
999 _c19411
_d19411